Loading...
| Geography | 0 | 6 | 0 | 1 | 60 | 17 | 55.33 | 2 | 5 | 49.18 | 77.78 |
| Literature - World | 0 | 4 | 0 | 0 | 40 | 67 | 102.50 | 0 | 0 | 4.61 | 9.85 |
| History - Other | 0 | 4 | 0 | 1 | 40 | 10 | 73.00 | 1 | 1 | 12.35 | 15.78 |
| History - World | 0 | 3 | 0 | 1 | 30 | 15 | 62.00 | 1 | 1 | 11.90 | 11.11 |
| Science - Other | 0 | 3 | 1 | 0 | 25 | 89 | 100.00 | 0 | 0 | 1.86 | 9.85 |
| History - European | 0 | 2 | 1 | 0 | 15 | 33 | 45.50 | 1 | 1 | 10.31 | 11.11 |
| Popular Culture | 0 | 2 | 1 | 0 | 15 | 73 | 79.00 | 1 | 1 | 9.97 | 18.75 |
| Science - Physics | 0 | 1 | 0 | 1 | 10 | 100 | 100.00 | 0 | 0 | 0.00 | 2.02 |
| Fine Arts - Classical Music | 0 | 1 | 0 | 0 | 10 | 87 | 87.00 | 0 | 1 | 2.55 | 7.07 |
| Fine Arts - Other | 0 | 1 | 0 | 0 | 10 | 45 | 45.00 | 0 | 1 | 5.87 | 6.82 |
| History - American | 0 | 1 | 0 | 0 | 10 | 51 | 51.00 | 0 | 1 | 4.76 | 6.82 |
| Literature - European | 0 | 1 | 0 | 0 | 10 | 104 | 104.00 | 0 | 1 | 0.34 | 6.82 |
| Mythology | 0 | 1 | 0 | 0 | 10 | 32 | 32.00 | 0 | 1 | 6.45 | 7.95 |
| Religion | 0 | 1 | 0 | 0 | 10 | 61 | 61.00 | 0 | 0 | 4.18 | 4.04 |
| Current Events | 0 | 2 | 2 | 0 | 10 | 80 | 87.50 | 0 | 1 | 7.73 | 23.89 |
| Science - Biology | 0 | 1 | 1 | 0 | 5 | 61 | 61.00 | 0 | 0 | 3.13 | 3.41 |
| Literature - American | 0 | 0 | 1 | 0 | -5 | 0.00 | 0 | 0 | 0.00 | 0.00 | |
| Science - Chemistry | 0 | 0 | 4 | 0 | -20 | 0.00 | 0 | 0 | 0.00 | 0.00 |